00918nam a2200217 a 450000100100000000500170001000800410002702000150006804000250008308200200010824501280012826000520025630000210030850000430032953400560037265100740042865100750050265000650057770000280064270000300067000002329720200930022124.0101201s1986 ag r 000 0 spa d a950180075X aDO-SdBNPbspacBNPHU a972.8052bC748r00aConflicto y revolución :bla crisis en América Central /cedición Howard J. Wiarda ; traducción Graciela Arancibia. aBuenos Aires, Argentina :bTres Tiempos,c1986. a468 p. ;c20 cm. aIncluye notas al pie de las páginas. aRift and revolution, the Central America Imbroglio. 4aAmérica CentralxPolítica Y GobiernoxEnsayos, Conferencias, Etc. 4aAmérica CentralxRelaciones ExterioresxEnsayos, Confenrencias, Etc. 4aRevolucioneszAmérica CentralxEnsayos, conferencias, etc.1 aWiarda, Howard J.,eed.1 aArancibia, Graciela,etr.